Dermatology Secrets Plus (Record no. 1188)

MARC details
000 -LEADER
fixed length control field 00515nam a22002057a 4500
003 - CONTROL NUMBER IDENTIFIER
control field OSt
005 - DATE AND TIME OF LATEST TRANSACTION
control field 20220427160500.0
008 - FIXED-LENGTH DATA ELEMENTS--GENERAL INFORMATION
fixed length control field 150320b xxu||||| |||| 00| 0 eng d
020 ## - INTERNATIONAL STANDARD BOOK NUMBER
International Standard Book Number 9780323071543
040 ## - CATALOGING SOURCE
Transcribing agency DNLM
082 ## - DEWEY DECIMAL CLASSIFICATION NUMBER
Classification number WR18 F57d 2011
Item number W
100 ## - MAIN ENTRY--PERSONAL NAME
Personal name Fitzpatrick, James E.; Morelli, Joseph G.
9 (RLIN) 501
245 ## - TITLE STATEMENT
Title Dermatology Secrets Plus
250 ## - EDITION STATEMENT
Edition statement 4th ed
260 ## - PUBLICATION, DISTRIBUTION, ETC. (IMPRINT)
Place of publication, distribution, etc. Philadelphia;
Name of publisher, distributor, etc. Mosby,
Date of publication, distribution, etc. 2011
300 ## - PHYSICAL DESCRIPTION
Other physical details xii,496p;
Dimensions 26cm
504 ## - BIBLIOGRAPHY, ETC. NOTE
Bibliography, etc Index
650 ## - SUBJECT ADDED ENTRY--TOPICAL TERM
Source of heading or term Dermatology
942 ## - ADDED ENTRY ELEMENTS (KOHA)
Source of classification or shelving scheme Other/Generic Classification Scheme
Koha item type Book Bank
Holdings
Withdrawn status Lost status Source of classification or shelving scheme Damaged status Not for loan Home library Current library Date acquired Source of acquisition Inventory number Total Checkouts Full call number Barcode Date last seen Date last checked out Koha item type
    Other/Generic Classification Scheme     MUST Main Library MUST Main Library 20/03/2015   15/38915 1 WR18 F57d 2011 W 2015-0527 06/06/2024 24/01/2023 Book Bank
    Other/Generic Classification Scheme     MUST Main Library MUST Main Library 20/03/2015   15/38916 4 WR18 F57d 2011 W 2015-0528 16/01/2023 22/07/2022 Book Bank
    Other/Generic Classification Scheme     MUST Main Library MUST Main Library 30/04/2015 Purchase 11/33780   WR18 F57d 2011 W 2015-1298 30/04/2015   Short Loan